000 00550nam a22001937a 4500
003 OSt
005 20160307122806.0
008 160307b xxu||||| |||| 00| 0 eng d
010 _a2006017829
020 _a0132327961
040 _cN/A
050 _aHF5718
_b.C453 2006b
100 _aO'Connor,Linda.,Rios Francisco.,Cheesebro,Thomas
_d1946-
245 _aCommunication skills
_bpreparing for career success
250 _a33rd ed.
260 _aUpper Saddle River,NJ
_bPearson Education LTD.
_c2006
300 _axi,243p
_bill
942 _2lcc
_cBK
999 _c252851
_d252850